Apologétique / (Record no. 171755)

MARC details
000 -LEADER
campo de control de longitud fija 01077nam a2200289 i 4500
001 - NÚMERO DE CONTROL
campo de control 171755
003 - IDENTIFICADOR DE NÚMERO DE CONTROL
campo de control ES-MaACL
005 - FECHA Y HORA DE LA ÚLTIMA TRANSACCIÓN
campo de control 20250831063042.0
007 - CAMPO FIJO DE DESCRIPCIÓN FÍSICA--INFORMACIÓN GENERAL
campo de control de longitud fija t|
008 - DATOS DE LONGITUD FIJA--INFORMACIÓN GENERAL
campo de control de longitud fija 090527s1998 fr ||||1| fre d
020 ## - NÚMERO INTERNACIONAL ESTÁNDAR DEL LIBRO
Número Internacional Estándar del Libro 2-251-79938-9
080 ## - NÚMERO DE LA CLASIFICACIÓN DECIMAL UNIVERSAL
Número de la Clasificación Decimal Universal 239(02)"01"
100 1# - ENTRADA PRINCIPAL--NOMBRE DE PERSONA
Nombre de persona Tertuliano, Quinto Septimio Florente,
Fechas asociadas al nombre ca. 160-220
9 (RLIN) 109810
245 10 - MENCIÓN DEL TÍTULO
Título Apologétique /
Mención de responsabilidad, etc. Tertullien ; texte établi et traduit par Jean-Pierre Waltzing ; introduction et notes par Pierre-Emmanuel Dauzat.
260 ## - PUBLICACIÓN, DISTRIBUCIÓN, ETC.
Lugar de publicación, distribución, etc. Paris :
Nombre del editor, distribuidor, etc. Les Belles Lettres,
Fecha de publicación, distribución, etc. 1998.
300 ## - DESCRIPCIÓN FÍSICA
Extensión XXXII, 234 p. ;
Dimensiones 18 cm.
490 1# - MENCIÓN DE SERIE
Mención de serie Classiques en poche ;
Designación de volumen o secuencia 34
500 ## - NOTA GENERAL
Nota general En cub.: "Bilingue"
504 ## - NOTA DE BIBLIOGRAFÍA, ETC.
Nota de bibliografía, etc. Bibliografía.
546 ## - NOTA DE IDIOMA
Nota de lengua/lenguaje Texto en latín y traducción en francés.
650 04 - PUNTO DE ACCESO ADICIONAL DE MATERIA--TÉRMINO DE MATERIA
Término de materia o nombre geográfico como elemento de entrada Apologética-
Subdivisión de forma Obras anteriores a 1800.
9 (RLIN) 9922
700 1# - ENTRADA AGREGADA--NOMBRE PERSONAL
Nombre de persona Waltzing, Jean-Pierre.
9 (RLIN) 116030
700 1# - ENTRADA AGREGADA--NOMBRE PERSONAL
Nombre de persona Dauzat, Pierre-Emmanuel.
9 (RLIN) 42849
830 0# - PUNTO DE ACCESO ADICIONAL DE SERIE-TÍTULO UNIFORME
Título uniforme Classiques en poche ;
Designación de volumen o secuencia 34
9 (RLIN) 189037
852 4# - LOCALIZACIÓN
Ubicación ES-MaACL
Número de control de estantería E-12686
itemnumber R.140261
Nota libre . - Biblioteca Jacinto Martínez Lacalle
Holdings
Estatus retirado Estado de pérdida Estado de daño No para préstamo Biblioteca de origen Biblioteca actual Ubicación en estantería Fecha de adquisición Fuente de adquisición Total de préstamos Signatura topográfica completa Código de barras Visto por última vez Precio de reemplazo Tipo de ítem Koha
        Biblioteca del Ateneo de Madrid Biblioteca del Ateneo de Madrid Depósito 2 27/05/2009     E-12686 1180243 23/02/2023 23/02/2023 Libro impreso